Komunikasi lengkap : (Record no. 529)

000 -LEADER
fixed length control field nam a22 a 4500
003 - CONTROL NUMBER IDENTIFIER
control field AKMAL
005 - DATE AND TIME OF LATEST TRANSACTION
control field 20170504103647.0
008 - FIXED-LENGTH DATA ELEMENTS--GENERAL INFORMATION
fixed length control field 170504s2004 my g ||00 | may d
020 ## - INTERNATIONAL STANDARD BOOK NUMBER
International Standard Book Number 983197221X (kkt.) :
Terms of availability RM22.90
039 #9 - LEVEL OF BIBLIOGRAPHIC CONTROL AND CODING DETAIL [OBSOLETE]
Level of rules in bibliographic description 200509211725
Level of effort used to assign nonsubject heading access points zuraidahm
Level of effort used to assign subject headings 200504121047
Level of effort used to assign classification normila
040 ## - CATALOGING SOURCE
Original cataloging agency AKMAL
Transcribing agency AKMAL
049 00 - LOCAL HOLDINGS (OCLC)
Holding library klpmal
082 04 - DEWEY DECIMAL CLASSIFICATION NUMBER
Classification number 153.6 KOM
Edition number 21
090 00 - LOCALLY ASSIGNED LC-TYPE CALL NUMBER (OCLC); LOCAL CALL NUMBER (RLIN)
Classification number (OCLC) (R) ; Classification number, CALL (RLIN) (NR) 153.6
Local cutter number (OCLC) ; Book number/undivided call number, CALL (RLIN) KOM
090 20 - LOCALLY ASSIGNED LC-TYPE CALL NUMBER (OCLC); LOCAL CALL NUMBER (RLIN)
Classification number (OCLC) (R) ; Classification number, CALL (RLIN) (NR) 153.6
Local cutter number (OCLC) ; Book number/undivided call number, CALL (RLIN) KOM
245 00 - TITLE STATEMENT
Title Komunikasi lengkap :
Remainder of title kemahiran untuk memahami dan difahami /
Statement of responsibility, etc. terjemahan Rosilawati Yahya
260 ## - PUBLICATION, DISTRIBUTION, ETC.
Place of publication, distribution, etc. Kuala Lumpur :
Name of publisher, distributor, etc. Synergy Publishing Co.,
Date of publication, distribution, etc. [2004]
300 ## - PHYSICAL DESCRIPTION
Extent v, 145ms. ;
Dimensions 22cm
650 #0 - SUBJECT ADDED ENTRY--TOPICAL TERM
Topical term or geographic name entry element Interpersonal communication
9 (RLIN) 1169
650 #0 - SUBJECT ADDED ENTRY--TOPICAL TERM
Topical term or geographic name entry element Interpersonal relations
9 (RLIN) 487
700 0# - ADDED ENTRY--PERSONAL NAME
Personal name Rosilawati Yahya
9 (RLIN) 1183
942 ## - ADDED ENTRY ELEMENTS (KOHA)
Source of classification or shelving scheme
Koha item type Book
Holdings
Withdrawn status Lost status Source of classification or shelving scheme Damaged status Not for loan Collection code Home library Current library Date acquired Inventory number Total Checkouts Full call number Barcode Date last seen Price effective from Koha item type
          NON-FICTION AKMAL Melaka AKMAL Melaka 04.05.2017 100504   153.6 KOM 201701389 04.05.2017 04.05.2017 Book
Pusat Sumber Maklumat Dato' Haji Sarmin Md Hussin, Akademi Kastam Diraja Malaysia, Melaka
Tel: 06-2331106 | Faks: 06-2313787